Rebelión en la granja /
Guardado en:
| Autor Principal: | |
|---|---|
| Otros Autores: | , |
| Formato: | Libro |
| Publicado: |
Buenos Aires :
Cántaro,
2000
|
| Series: | Colección del Mirador; No. 147
|
| Materias: | |
| Etiquetas: |
Agregar Etiqueta
Sin Etiquetas, Sea el primero en etiquetar este registro!
|
| LEADER | 00926nam a22002655a 4500 | ||
|---|---|---|---|
| 001 | CEM.cems010394 | ||
| 008 | 130507s2000##################000#0#####d | ||
| 005 | 20241204113657.0 | ||
| 245 | 1 | 0 | |a Rebelión en la granja / |c George Orwell [seudónimo] ; selección de Beatriz Ortiz |
| 260 | |a Buenos Aires : |b Cántaro, |c 2000 | ||
| 300 | |a 142 p. | ||
| 490 | 0 | |a Colección del Mirador; No. 147 | |
| 020 | |a 9507530657 | ||
| 100 | 1 | |a Orwell, George | |
| 700 | 1 | |a Blair, Eric Arthur | |
| 700 | 1 | |a Ortíz, Beatriz, selec. | |
| 082 | 0 | 4 | |a 823.9 |
| 653 | |a Fábulas | ||
| 653 | |a Literatura | ||
| 653 | |a Literatura inglesa | ||
| 653 | |a Literatura juvenil | ||
| 859 | |a CEMS |b BIB. CEMS - 11 de abril |h 823.9 |i Or9 |p 20931.00 |t Ej.1 | ||
| 859 | |a CEMS |b BIB. CEMS - 11 de abril |h 823.9 |i Or9 |p 21251.01 |t Ej.2 | ||
| 859 | |a CEMS |b BIB. CEMS - 11 de abril |h 823.9 |i Or9 |p 23183.05 |t Ej.4 | ||
| 859 | |a CEMS |b BIB. CEMS - 11 de abril |h 823.9 |i Or9 |p 26538.12 |t Ej.5 | ||
